000 00859cam a2200229 4500
001 WB3616-33
008 000000n2000 000 0 eng u
035 _a(Sirsi) u105612
245 _aRight-to-buy repair bill
260 _c2000
490 _aIndependent
_v 26 April 2000
520 _aAn owner, who bought her house under the right to buy legislation, has won £30,000 from Worcester City Council as the prefabricated house is now in danger of collapsing because of the presence of high alumina cement. The council is appealing - the case may have repercussions for other local authorities.
590 _aWB
600 _aHIGH ALUMINA CEMENT
650 _aRIGHT-TO-BUY
650 _aLOCAL AUTHORITY HOUSING
650 _aCOMPENSATION
650 _aPREFABRICATED HOUSING
650 _aSTRUCTURAL DEFECTS
690 _aHOUSING
942 _n0
999 _c63264
_d63264